000 00702nam a2200205 i 4500
001 88325
003 ES-MaACL
005 20230906175835.0
007 t|
008 050104s1911 fr |||| | fre d
100 1 _aLa Grasserie, Raoul de.
_969156
245 1 0 _aDu quantitatif dans le langage
_b: notamment de la catégorie du nombre /
_cpar Raoul de La Grasserie.
260 _aParis :
_bLib. H. le Soudier,
_c1911.
300 _a164 p. ;
_c19 cm.
490 1 _aÉtudes de linguistique et de psichologie linguistique
650 0 4 _aPsicolingüística.
_916539
830 0 _aÉtudes de linguistique et de psichologie linguistique
_9231827
852 _aES-MaACL
_jD-2376
999 _c88325
_d88325